Manual metodológico para la presentación de proyectos de cooperación técnica internacional : (Registro nro. 8438)

Detalles MARC
000 -CABECERA
Campo de control 00873nam a22001937a 4500
005 - FECHA Y HORA DE LA ULTIMA TRANSACCION
Campo de control 20140516170816.0
008 - ELEMENTOS DE LONGITUD FIJA—INFORMACION GENERAL
Campo de control 031203s1996 ck a zf 00010 spa d
041 0# - IDIOMA
Código de idioma para texto/pista de sonido o título separado Español
044 ## - PAÍS DE PUBLICACIÓN
País de publicación Colombia
082 04 - NUMERO DE CLASIFICACION DECIMAL DEWEY
Número de clasificación 327.17
Número del ítem D62m
110 1# - ASIENTO PRINCIPAL--NOMBRE CORPORATIVO
Nombre corporativo o de jurisdicción como elemento de entrada Colombia.
Unidad subordinad Departamento Administrativo de Planeación y Servicios Técnicos.
-- División Especial de Cooperación Técnica Internacional.
245 10 - MENCION DE TITULO
Título Manual metodológico para la presentación de proyectos de cooperación técnica internacional :
Parte restante del título versión definitiva (marzo 4, 1996) /
Mención de responsabilidad Departamento Nacional de Planeación.
260 ## - PUBLICACION, DISTRIBUCION, ETC. (PIE DE IMPRENTA)
Lugar de publicación, distribución, etc. Bogotá
Nombre del editor, distribuidor, etc. DNP,
Fecha de publicación, distribución, etc. 1996.
300 ## - DESCRIPCION FISICA
Extensión x, 39 p. :
Otros detalles físicos il. ;
Dimensiones 27 cm.
650 ## - ASIENTO SECUNDARIO DE MATERIA - TERMINO TEMATICO
Término temático o nombre geográfico como elemento de entrada Proyectos de inversión
Subdivisión general Metodología
Subdivisión de forma Manuales.
650 #6 - ASIENTO SECUNDARIO DE MATERIA - TERMINO TEMATICO
Término temático o nombre geográfico como elemento de entrada Evaluación de proyectos
Subdivisión general Metodología
Subdivisión de forma Manuales.
650 #6 - ASIENTO SECUNDARIO DE MATERIA - TERMINO TEMATICO
Término temático o nombre geográfico como elemento de entrada Asistencia técnica
Subdivisión de forma Manuales.
942 ## - ELEMENTOS ADICIONALES (KOHA)
Sistema de clasificación Dewey Decimal Classification
Tipo de ítem Impreso
Existencias
Withdrawn status Lost status Sistema de Clasificación Damaged status No para préstamo Colección Ubicación Permanente Ubicación actual Fecha de adquisición Total Checkouts Número topográfico Inventario / Código de Barras Date last seen Ejemplar Price effective from Forma de adquisición Tipo de material
    Dewey Decimal Classification     General Bogotá Bogotá 16/05/2014   LB-327.17 D62m 038044 16/05/2014 Ej. 1 16/05/2014 Canje Libro